000 00927nam0a2200277 i 4500
001 RU\NLR\bibl\2046221
005 20260601080102.0
010 _a9785699630967
_95000
021 _aRU
_b2013-22288
_9220д/13
035 _a(NLR Aleph) 002033379
090 _a4561313
_c4561313
100 _a20130623d2013 u y0rusy50 ca
101 1 _arus
_cjpn
102 _aRU
105 _aa |||||||||
200 1 _aК югу от границы, на запад от солнца
_e[роман]
_fХаруки Мураками
_g[пер. с яп. С. Логачева]
210 _aМосква
_cЭксмо
_d2013
215 _a284,[2] с.
_cил.
_d17
225 1 _aМураками-мания
700 1 _4070
_8rus
_7ca
_aМураками
_bХ.
_f1949-
_gХаруки
_3RU\NLR\auth\7713342
_9123034
801 0 _aRU
_bNLR
_c20130623
_gRCR
801 1 _aRU
_bNLR
_c20130623
942 _cBOOK
980 _aNBR